Classical Summability Theory : (Record no. 195260)
[ view plain ]
| 000 -LEADER | |
|---|---|
| fixed length control field | 00561nam a22001937a 4500 |
| 005 - DATE AND TIME OF LATEST TRANSACTION | |
| control field | 20230315115942.0 |
| 010 ## - LCCN (DPL NO) | |
| LC control number | ENG-136414 |
| 020 ## - INTERNATIONAL STANDARD BOOK NUMBER | |
| Terms of availability | 10574.00 |
| International Standard Book Number | 9789811042041 |
| 035 ## - SYSTEM CONTROL NUMBER | |
| System control number | EN-119946 |
| 037 ## - SOURCE OF ACQUISITION | |
| Source of stock number/acquisition | DBAD/PUB |
| 082 ## - DEWEY DECIMAL CLASSIFICATION NUMBER | |
| Classification number | 515.243 |
| 100 ## - MAIN ENTRY--PERSONAL NAME | |
| Personal name | Natarajan,P.N |
| 245 ## - TITLE STATEMENT | |
| Title | Classical Summability Theory : |
| Statement of responsibility, etc | By P.N Natarajan |
| 250 ## - EDITION STATEMENT | |
| Edition statement | First |
| 260 ## - PUBLICATION, DISTRIBUTION, ETC. (IMPRINT) | |
| Name of publisher, distributor, etc | Springer Nature |
| Place of publication, distribution, etc | Singapore |
| Date of publication, distribution, etc | 2017 |
| 270 ## - ADDRESS | |
| Address | 152 Beach Road, #21-01/04 Gateway East |
| City | Hyderabad |
| Postal code | 187921 |
| 300 ## - PHYSICAL DESCRIPTION | |
| Extent | 130p. |
| Dimensions | 23cm(hbk) |
| 942 ## - ADDED ENTRY ELEMENTS (KOHA) | |
| Source of classification or shelving scheme | Dewey Decimal Classification |
| Item type | English Books |
| Classification part | 515.243 |
| Call number suffix | PNN |
| Withdrawn status | Lost status | Not for loan | Collection code | Home library | Current library | Date acquired | Source of acquisition | Cost, normal purchase price | Full call number | Barcode | Copy number | Cost, replacement price | Koha item type |
|---|---|---|---|---|---|---|---|---|---|---|---|---|---|
| Non-fiction | Shahdara Branch | Shahdara Branch | 15/03/2023 | DBAD/PUB | 10574.00 | 515.243 PNN | EN-119946 | 1 | 10574.00 | English Books |
